Statistics for Rosalind Russell Filmography

Click here to take the quiz!

General Stats

  • This quiz has been taken 3 times
  • The average score is 11 of 68

Answer Stats

Type Year Name % Correct
Film1940His Girl Friday
100%
Film1968Where Angels Go, Trouble Follows
100%
Film1966The Trouble with Angels
100%
Theater1956-1958Auntie Mame
100%
TV Show1953What's My Line?
67%
Film1939The Women
67%
Film1955Picnic
67%
Film1946Sister Kenny
67%
Film1967Rosie!
67%
Film1942My Sister Eileen
67%
Film1936Craig's Wife
33%
Film1961A Majority of One
33%
Film1962Gypsy
33%
Film1935China Seas
33%
Film1971Mrs. Pollifax-Spy
33%
Film1947Mourning Becomes Electra
33%
Film1934Evelyn Prentice
33%
Film1948The Velvet Touch
0%
Film1949Tell It to the Judge
0%
Film1950A Woman of Distinction
0%
TV Show1951Schlitz Playhouse of the Stars
0%
Radio Series1951Screen Directors Playhouse
0%
Radio Series1952Theatre Guild on the Air
0%
Theater1930The Garrick Gaieties
0%
TV Show1955The Ed Sullivan Show
0%
Film1953Never Wave at a WAC
0%
Theater1953-1954Wonderful Town
0%
Film1955The Girl Rush
0%
TV Show1955The Loretta Young Show
0%
TV Show1956General Electric Theater
0%
TV Show1959Startime
0%
Film1962Five Finger Exercise
0%
Film1967Oh Dad, Poor Dad, Mamma's Hung You in the Closet and I'm Feelin' So Sad
0%
TV Film1972The Crooked Hearts
0%
Film1947The Guilt of Janet Ames
0%
Film1943Flight for Freedom
0%
Film1945She Wouldn't Say Yes
0%
Film1938Man-Proof
0%
Film1934The President Vanishes
0%
Film1934Forsaking All Others
0%
Film1935The Night Is Young
0%
Film1935The Casino Murder Case
0%
Film1935West Point of the Air
0%
Film1935Reckless
0%
Film1935Rendezvous
0%
Film1936It Had to Happen
0%
Film1936Under Two Flags
0%
Film1936Trouble for Two
0%
Film1937Night Must Fall
0%
Film1937Live, Love and Learn
0%
Film1938Four's a Crowd
0%
Film1945Roughly Speaking
0%
Film1938The Citadel
0%
Film1939Fast and Loose
0%
Radio Series1939, 1941Lux Radio Theatre
0%
Film1940Hired Wife
0%
Film1940No Time for Comedy
0%
Film1940This Thing Called Love
0%
Radio Series1940Screen Guild Players
0%
Film1941They Met in Bombay
0%
Film1941The Feminine Touch
0%
Film1941Design for Scandal
0%
Film1942Take a Letter, Darling
0%
Theater1931Company's Coming
0%
Film1943What a Woman!
0%
Theater1974Rosalind Russell (A Tribute)
0%

Score Distribution

Percentile by Number Answered

Percent of People with Each Score

Your Score History

You have not taken this quiz